GUIDED WEAPONS INCLUDING LIGHT, UNGUIDED, ANTI TANK WEAPONS (Record no. 580170)
[ view plain ]
| 000 -LEADER | |
|---|---|
| fixed length control field | 00392nam a22001337a 4500 |
| 020 ## - INTERNATIONAL STANDARD BOOK NUMBER | |
| International Standard Book Number | 0-08-028337-3 |
| 082 ## - DEWEY DECIMAL CLASSIFICATION NUMBER | |
| Classification number | 623-BRA GUI |
| 100 ## - MAIN ENTRY--PERSONAL NAME | |
| Personal name | LEE,R.G,COLLINS, T.K GARLAND,GARNELL.P |
| 9 (RLIN) | 74658 |
| 245 ## - TITLE STATEMENT | |
| Title | GUIDED WEAPONS INCLUDING LIGHT, UNGUIDED, ANTI TANK WEAPONS |
| 260 ## - PUBLICATION, DISTRIBUTION, ETC. | |
| Place of publication, distribution, etc. | USA |
| Name of publisher, distributor, etc. | BRASSEY,S |
| Date of publication, distribution, etc. | 1983 |
| 300 ## - PHYSICAL DESCRIPTION | |
| Extent | XIII,223P |
| 650 ## - SUBJECT ADDED ENTRY--TOPICAL TERM | |
| Topical term or geographic name entry element | GUIDED MISSILES, ANTITANK WEAPONS |
| 9 (RLIN) | 74659 |
| 942 ## - ADDED ENTRY ELEMENTS (KOHA) | |
| Koha item type | Book |
| Withdrawn status | Lost status | Damaged status | Not for loan | Permanent Location | Current Location | Shelving location | Date acquired | Total Checkouts | Full call number | Barcode | Date last seen | Price effective from | Koha item type |
|---|---|---|---|---|---|---|---|---|---|---|---|---|---|
| College of Electrical & Mechanical Engineering (CEME) | College of Electrical & Mechanical Engineering (CEME) | General Stacks | 05/09/2017 | 623-BRA GUI | CEME-15372 | 06/28/2021 | 06/28/2021 | Book |
